| 000 | 00970nam a2200337Ia 4500 | ||
|---|---|---|---|
| 001 | dia_2640 | ||
| 003 | CHAP | ||
| 005 | 20230313125645.0 | ||
| 008 | 220117s1975 xx 000 0 und d | ||
| 010 | _a173159 | ||
| 020 | _a0-582-46667-9 | ||
| 040 | _cCHAP | ||
| 082 | _a663.74 W66 1975 | ||
| 100 |
_aWood, G. A. R. _9122514 |
||
| 245 |
_aCocoa, / _c G.A.R. Wood |
||
| 250 | _a3a ed. | ||
| 260 |
_aEstados Unidos de América : _b Longman, _c1975 |
||
| 300 | _axii, 292 p. | ||
| 400 | _a( TROPICAL AGRICULTURE SERIES) | ||
| 440 |
_aTropical agriculture series _9115305 |
||
| 500 | _aEn portada: "Previous editions by D. H. Urquhart." | ||
| 503 | _aI. 128250 | ||
| 504 | _aIncluye bibliografĂas | ||
| 590 | _aSB267 W66 1975 | ||
| 650 |
_aCocoa beans _9147462 |
||
| 650 |
_aSemillas de cacao _9147466 |
||
| 901 | _a663.74 W66 1975 | ||
| 902 | _aM | ||
| 905 | _a5232271975 -usadmn8222223322eng16 | ||
| 942 |
_cLIBRO _2ddc |
||
| 999 |
_c173159 _d173159 |
||